| 000 | 00000nam##2200000za#4500 |
| 001 | 9.646363 |
| 003 | CaOODSP |
| 005 | 20200330062543 |
| 007 | ta |
| 008 | 150407|1996||||xxc||||| f|0| 0 eng|d |
| 020 | |a0-662-25154-7 |
| 040 | |aCaOODSP|beng |
| 043 | |an-cn--- |
| 086 | 1 |aM37-37/1996E |
| 110 | 1 |aCanada.|bNatural Resources Canada. |bMinerals and Metals Sector. |
| 245 | 14|aThe minerals and metals policy of the Government of Canada : |bpartnerships for sustainable development |
| 260 | |aOttawa - Ontario : |bNatural Resources Canada. |c1996. |
| 300 | |ax, 25p. ; |c28 cm. |
| 500 | |a"The Policy describes, within areas of federal jurisdiction, the Government's role, objectives and strategies for the sustainable development of Canada's mineral and metal resources."--Page v. |
| 520 | 3 |aThe Policy describes, within areas of federal jurisdiction, the Government's role, objectives and strategies for the sustainable development of Canada's mineral and metal resources.--Page v |
| 563 | |aSoftcover |
| 590 | |a98-42|b1998-10-16 |
| 690 | 07|aMining industry|2gcpds |
| 690 | 07|aMinerals|2gcpds |
| 690 | 07|aMetals|2gcpds |
| 690 | 07|aGovernment policy|2gcpds |
| 775 | 08|tLa politique des minéraux et des métaux du gouvernement du Canada : |w(CaOODSP)9.679915 |